000
00210 a2200097 4500
001
4146
100
_a
Boulding R.S.H
245
_a
Pranciples & practice of radar
260
_a
_b
Newnes
_c
090
_c
3363
_d
3363
942
_a
NUST-CAE
_c
M
_c
26258
999
_c
239219
_d
239219